01486nam a2200265 a 450000100100000000500170001000800410002704000250006808200170009324501380011026000570024830000210030550000560032650400320038250503600041465100340077465000210080865100470082970000440087691000380092004900090095895201150096795201210108299900170120300002160620200930011401.0100909t1956 sp 001 0dspa d aDO-SdBNPbspacBNPHU a929.2bG326a00aGenealogía de los apellidos Trujillo, Molina, Valdés, Monagas y Chevalier /cPróloga, anota y recopila Pedro González-Blanco. aMadrid :bGraficas Uguina, Melendez Valdés,c1956. a226 p. ;c22 cm. aIncluye bibliografía y notas al pie de páginas. aBibliografía : p. 221-2260 gAl Excmo. Sr. Doctor Don Rafael L. Trujillo Molina --gA modo de introducción --tLa muy ilustre casa de Trujillo --tLa insigne casa de Molina --tLa muy ilustre casa de Valdés --tLos Monaga de Venezuela --tLa nobilísima casa de los Chevalier de Francia --tElucidario de términos heráldicos que no se explican en el texto --gBibliografía. 4aEspañaxGenealogía944975 4aParentesco92156 4aRepública DominicanaxGenealogía921571 aGonzález-Blanco, Pedro,ecomp.944950 aValidado. Control de calidad EMS. aBNPD 001050718RVaPDbPDcHDd2010-09-09iLF1l0o929.2 G326ap21606-10r2020-06-25w2020-06-25y1ZNo se presta 001050718RVaPDbPDcHDd2011-04-18iLF1l0o929.2 G326ap21606-20r2020-06-25te. 2w2020-06-25y1ZNo se presta c21105d21105